Adab-adab keislaman

Bibliographic Details
Main Author: Ahmad Iman Arief
Other Authors: Supiyaton Hj.Mokti
Format: Book
Published: Kuala Lumpur : Sabunai Media , 2006
Series:Siri Islam asas kehidupan
Subjects:

MARC

LEADER 00000cam a2200000 7i4500
001 0000007427
005 20160330.0
008 070903
020 |a 9832612683 
090 0 0 |a 297.5   |b AHM 
100 0 |a Ahmad Iman Arief 
245 1 0 |a Adab-adab keislaman   |c Ahmad Iman Arief ; Ustazah Supiyaton Hj.Mokti 
260 |a Kuala Lumpur :   |b Sabunai Media ,   |c 2006 
440 |a Siri Islam asas kehidupan 
500 |a Teenager ages 13-18 years old (blue) 
650 0 |a Islamic ethics 
650 0 |a Religeous life   |x Islam 
700 0 |a Supiyaton Hj.Mokti 
999 |a 0000983822   |b Book   |c Teenagers   |e Perbadanan Perpustakaan Awam Johor 
999 |a 0000983824   |b Book   |c Teenagers   |e Perbadanan Perpustakaan Awam Johor 
999 |a 0001010089   |b Book   |c Teenagers   |e Cawangan Segamat 
999 |a 0001010090   |b Book   |c Teenagers   |e Cawangan Kota Tinggi